Encyclopedia Brown cracks the case / (Record no. 159)
[ view plain ]
| 000 -LEADER | |
|---|---|
| fixed length control field | 01934nam a22003617a 4500 |
| 001 - CONTROL NUMBER | |
| control field | 159 |
| 003 - CONTROL NUMBER IDENTIFIER | |
| control field | FISKH |
| 005 - DATE AND TIME OF LATEST TRANSACTION | |
| control field | 20230301134033.0 |
| 008 - FIXED-LENGTH DATA ELEMENTS--GENERAL INFORMATION | |
| fixed length control field | 230301b cb ||||| |||| 00| 0 eng d |
| 037 ## - SOURCE OF ACQUISITION | |
| Source of stock number/acquisition | Junior Library Guild |
| Note | http://www.juniorlibraryguild.com |
| 040 ## - CATALOGING SOURCE | |
| Original cataloging agency | DLC |
| Transcribing agency | DLC |
| Modifying agency | BAKER |
| -- | BTCTA |
| -- | TEF |
| -- | EHH |
| -- | VP@ |
| -- | XXH |
| -- | DLC |
| -- | FISKH |
| Language of cataloging | eng |
| 042 ## - AUTHENTICATION CODE | |
| Authentication code | lcac |
| -- | lcac |
| 050 00 - LIBRARY OF CONGRESS CALL NUMBER | |
| Classification number | PZ7.S68524 |
| Item number | Epg 2007 |
| 082 ## - DEWEY DECIMAL CLASSIFICATION NUMBER | |
| Classification number | 364.10973 |
| 100 1# - MAIN ENTRY--PERSONAL NAME | |
| Personal name | Sobol, Donald J., |
| Dates associated with a name | 1924-2012. |
| 245 10 - TITLE STATEMENT | |
| Title | Encyclopedia Brown cracks the case / |
| Statement of responsibility, etc. | Donald J. Sobol ; illustrated by James Bernardin. |
| 250 ## - EDITION STATEMENT | |
| Edition statement | 1st ed. |
| 260 ## - PUBLICATION, DISTRIBUTION, ETC. | |
| Place of publication, distribution, etc. | New York |
| Name of publisher, distributor, etc. | Scholastic |
| Date of publication, distribution, etc. | 2007 |
| 300 ## - PHYSICAL DESCRIPTION | |
| Extent | 90 p. |
| Other physical details | ill. ; |
| Dimensions | 20 cm. |
| 505 0# - FORMATTED CONTENTS NOTE | |
| Formatted contents note | The case of the forgetful jewel thief -- The case of the autographed Alice in Wonderland -- The case of the lemonade stand -- The case of the Revolutionary treasures -- The case of the missing butterfly brooch -- The case of the counterfeit dough -- The case of the astronaut duck -- The case of the lucky catch -- The case of the missing money -- The case of the stolen Confederate stamps. |
| 520 ## - SUMMARY, ETC. | |
| Summary, etc. | Ten brief cases allow the reader to match wits with ten-year-old crime-buster, Encyclopedia Brown, as he locates stolen jewels, retrieves a stuffed tiger, and more. Solutions are included at the back of the book. |
| 521 8# - TARGET AUDIENCE NOTE | |
| Target audience note | 750 |
| Source | Lexile |
| 521 8# - TARGET AUDIENCE NOTE | |
| Target audience note | M |
| Source | Raz-Plus |
| 586 8# - AWARDS NOTE | |
| Awards note | A Junior Library Guild selection |
| 650 #0 - SUBJECT ADDED ENTRY--TOPICAL TERM | |
| Topical term or geographic name entry element | Detective and mystery stories. |
| 650 #1 - SUBJECT ADDED ENTRY--TOPICAL TERM | |
| Topical term or geographic name entry element | Mystery and detective stories. |
| 700 1# - ADDED ENTRY--PERSONAL NAME | |
| Personal name | Bernardin, James, |
| Relator term | ill. |
| 856 41 - ELECTRONIC LOCATION AND ACCESS | |
| Materials specified | Table of contents only |
| Uniform Resource Identifier | <a href="http://www.loc.gov/catdir/toc/ecip079/2006039766.html">http://www.loc.gov/catdir/toc/ecip079/2006039766.html</a> |
| 856 42 - ELECTRONIC LOCATION AND ACCESS | |
| Materials specified | Contributor biographical information |
| Uniform Resource Identifier | <a href="http://www.loc.gov/catdir/enhancements/fy0719/2006039766-b.html">http://www.loc.gov/catdir/enhancements/fy0719/2006039766-b.html</a> |
| 856 42 - ELECTRONIC LOCATION AND ACCESS | |
| Materials specified | Publisher description |
| Uniform Resource Identifier | <a href="http://www.loc.gov/catdir/enhancements/fy0719/2006039766-d.html">http://www.loc.gov/catdir/enhancements/fy0719/2006039766-d.html</a> |
| 906 ## - LOCAL DATA ELEMENT F, LDF (RLIN) | |
| a | 7 |
| b | cbc |
| c | orignew |
| d | 1 |
| e | ecip |
| f | 20 |
| g | y-gencatlg |
| 942 ## - ADDED ENTRY ELEMENTS (KOHA) | |
| Source of classification or shelving scheme | Dewey Decimal Classification |
| Koha item type | Books |
| Suppress in OPAC | No |
| Withdrawn status | Lost status | Source of classification or shelving scheme | Damaged status | Not for loan | Collection | Home library | Current library | Shelving location | Date acquired | Total Checkouts | Full call number | Barcode | Date last seen | Price effective from | Koha item type |
|---|---|---|---|---|---|---|---|---|---|---|---|---|---|---|---|
| Dewey Decimal Classification | Juvenile Fiction | Footprints International School Library Network Toul Kork Campus | Footprints International School Library Network Toul Kork Campus | TK Primary Library Room(4th Floor), Bookcase 5&6, Shelves 33-56, Orange Books | 03/01/2023 | SOB 364.10973 PZ7.S68524 | FISTK00415 | 03/01/2023 | 03/01/2023 | Books |
